Flora and Fauna: New Zealand - Statistics

General Stats
  • This quiz has been taken 52 times
  • The average score is 6 of 12
Answer Stats
Picture Hint Answer % Correct
A flightless bird Kiwi
100%
A large extinct bird Moa
79%
An ancient reptile which is the last survivor of its order Tuatara
72%
Species of large parrot Kea
70%
The largest tree by volume in New Zealand Kauri
58%
This plant is depicted by the Maori "koru" symbol Silver Fern
53%
The most common seal in New Zealand New Zealand Fur Seal
49%
Has its peak bloom in December Pōhutukawa
49%
The worlds smallest dolphin, only found in New Zealand water Hector’s Dolphin
42%
The only palm native to New Zealand Nikau Palm
28%
Make around half the trees in native forests Beech Tree
16%
Has large pointed ears New Zealand Short-tailed Bat
16%
No matching quizzes found
Score Distribution
Percent of People with Each Score
Percentile by Number Answered
Your Score History
You have not taken this quiz